000 004630000a22001810004500
003 LK-CoMWRAF
005 20230928113219.0
008 230817t ||||| |||| 00| 0 eng d
040 _aLK-CoMWRAF
_dLK-CoMWRAF
_eLK-CoMWRAF
041 _aeng
082 _a297
_bMAU
100 _aMaududi, Syed Abul A'la
245 _aTowards understanding Islam
260 _aDelhi (India) :
_bMarkazi Maktaba Islami,
_c1940
300 _a116p
650 _aIslam
942 _cBK
999 _c1535
_d1535